000 00945nam0a22003011 4500
001 rc\2278289
005 20250623040954.0
035 _a(NLR Aleph) 006558013
090 _a6812989
_c6812989
100 _a20110829d1979 |||y0rusy50 ca
101 0 _arus
102 _aRU
105 _ay z |||||
200 1 _aУ нас на Дону
210 _aМосква
_cИзд-во ДОСААФ СССР
_d1979
215 _a96 с.
_d20
606 _aДобровольные общества содействия армии, авиации и флоту
_yРост. обл.
_2psbo
686 _a355С.58
_2rubbk
686 _a68.49(2)9
_2rubbk
686 _aФ61(2)418.3,02
_2rubbk
700 1 _aМухтаров
_bС.С.
_gСалим Самигулович
801 1 _aRU
_bELAR
_2rusmarc
801 0 _aRU
_bNLR
_gpsbo
852 _aNLR
_j79-4/21466
899 _aRuMoRGB
_jM 79-2/522
899 _aRuMoRGB
_jВО 686/58
942 _cBOOK
980 _aNB